Statistiques concernant Pays qui interdisent la double-nationalité

Cliquez ici pour prendre le quiz!

Statistiques générales

  • Ce quiz a été pris 88 fois
  • Le résultat moyen est 2 sur 6

Statistiques - réponses

Pays% Correct
Chine
83%
Japon
76%
République démocratique du Congo
21%
Azerbaïdjan
10%
Andorre
9%
Géorgie
9%

Distribution des résultats

Percentile par nombre de réponses

% des personnes avec chaque résultat

Votre développement - résultats

Vous n’avez pas pris ce quiz